Państwa według rangi zaludnienia - zaznaczanie pól - Statystyki

Ogólne statystyki
  • Ten quiz został rozwiązany 3 767 razy
  • Średni wynik to 35 z 48
Statystyki odpowiedzi
Zagadnienie Komórka Select % Poprawnych
z populacją co najmniej 100 milionów Grecja Nie
98%
z populacją co najmniej 100 milionów Peru Nie
97%
z populacją co najmniej 100 milionów Stany Zjednoczone Tak
97%
z populacją co najmniej 100 milionów Hiszpania Nie
96%
z populacją co najmniej 100 milionów Indie Tak
95%
z populacją co najmniej 100 milionów Irak Nie
94%
z populacją co najmniej 100 milionów Niemcy Nie
94%
z populacją mniejszą, niż 1 milion Tunezja Nie
93%
z populacją co najmniej 100 milionów Francja Nie
92%
z populacją mniejszą, niż 1 milion San Marino Tak
92%
z populacją co najmniej 100 milionów Brazylia Tak
91%
z populacją mniejszą, niż 1 milion Botswana Nie
90%
z populacją mniejszą, niż 1 milion Litwa Nie
88%
z populacją mniejszą, niż 1 milion Monako Tak
88%
z populacją co najmniej 100 milionów Indonezja Tak
84%
z populacją mniejszą, niż 1 milion Nauru Tak
84%
z populacją co najmniej 100 milionów Nigeria Tak
82%
z populacją mniejszą, niż 1 milion Rwanda Nie
82%
z populacją między 10, a 100 milionami Australia Tak
80%
z populacją między 10, a 100 milionami Katar Nie
79%
z populacją między 1, a 10 milionami Saint Lucia Nie
79%
z populacją mniejszą, niż 1 milion Erytrea Nie
78%
z populacją co najmniej 100 milionów Pakistan Tak
78%
z populacją między 10, a 100 milionami Armenia Nie
77%
z populacją między 1, a 10 milionami Dania Tak
74%
z populacją między 1, a 10 milionami Irlandia Tak
74%
z populacją między 1, a 10 milionami Rumunia Nie
73%
z populacją mniejszą, niż 1 milion Islandia Tak
72%
z populacją mniejszą, niż 1 milion Jamajka Nie
72%
z populacją między 1, a 10 milionami Chile Nie
65%
z populacją między 1, a 10 milionami Malta Nie
65%
z populacją między 1, a 10 milionami Syria Nie
65%
z populacją między 1, a 10 milionami Kostaryka Tak
63%
z populacją między 10, a 100 milionami Mongolia Nie
63%
z populacją między 10, a 100 milionami Ghana Tak
61%
z populacją między 10, a 100 milionami Niger Tak
61%
z populacją między 1, a 10 milionami Urugwaj Tak
59%
z populacją między 1, a 10 milionami Singapur Tak
58%
z populacją mniejszą, niż 1 milion Belize Tak
57%
z populacją między 10, a 100 milionami Japonia Nie
57%
z populacją między 10, a 100 milionami Etiopia Nie
56%
z populacją między 10, a 100 milionami Meksyk Nie
55%
z populacją między 10, a 100 milionami Madagaskar Tak
53%
z populacją między 1, a 10 milionami Surinam Nie
51%
z populacją mniejszą, niż 1 milion Bhutan Tak
48%
z populacją między 10, a 100 milionami Sri Lanka Tak
38%
z populacją między 10, a 100 milionami Nepal Tak
32%
z populacją między 1, a 10 milionami Libia Tak
31%
Nie znaleziono quizów pasujących do podanych kryteriów
Rozkład punktacji
Procent ludzi z każdym wynikiem
Percentyl według liczby udzielonych odpowiedzi
Twoja historia wyników
Nie rozwiązałeś tego quizu